MARC

LEADER 00000nam0a2200000 4500
001 287420
005 20231102000004.0
020 |a RU  |b 85-68719 
035 |a (RuTPU)RU\TPU\book\311820 
090 |a 287420 
100 |a 20150316d1985 k y0rusy5003 ca 
101 0 |a rus 
102 |a RU 
105 |a a z 001zy 
200 1 |a Обогащение сурьмяных руд  |f П. М. Соложенкин, З. А. Зинченко  |g Академия наук СССР (АН СССР) ; Академия наук Таджикской ССР (АН ТадССР), Институт химии ; под ред. В. А. Глембоцкого 
210 |a Москва  |c Наука  |d 1985 
215 |a 180 с.  |c ил. 
320 |a Библиогр.: с. 168-178 
606 1 |a Сурьмяные руды  |x Обогащение  |2 stltpush  |3 (RuTPU)RU\TPU\subj\58327  |9 76123 
610 1 |a горное дело 
610 1 |a сурьмяные минералы 
610 1 |a минералогия 
610 1 |a кристаллография 
610 1 |a флотационные свойства 
610 1 |a антимониты 
610 1 |a флотация 
610 1 |a окисленные минералы 
610 1 |a сурьма 
610 1 |a сульфиты 
610 1 |a сурьмосодержащее сырье 
675 |a 622.7:622.342/.349  |v 3 
700 1 |a Соложенкин  |b П. М.  |g Петр Михайлович 
701 1 |a Зинченко  |b З. А.  |g Зинаида Алексеевна 
702 1 |a Глембоцкий  |b В. А.  |4 340 
712 0 2 |a Академия наук СССР (АН СССР)  |c (Ленинград/Москва)  |c (1925-1991)  |2 stltpush  |3 (RuTPU)RU\TPU\col\722 
712 0 2 |a Академия наук Таджикской ССР (АН ТадССР)  |b Институт химии  |2 stltpush  |3 (RuTPU)RU\TPU\col\3285 
801 0 |a RU  |b RuMRKP  |c 19950704  |g psbo 
801 1 |a RU  |b 63413507  |c 20150316 
801 2 |a RU  |b 63413507  |c 20171122  |g RCR 
942 |c BK